Former Nations/States - Part 12: Eurasian Steppe - Statistics

General Stats
  • This quiz has been taken 5 times
  • The average score is 17 of 100
Answer Stats
Central Location Time Period Answer % Correct
Mongolia 1206 – 1368 AD Mongol Empire
100%
Russia 1136 – 1478 AD Novgorod Republic
80%
1922 – 1991 AD Union of Soviet Socialist Republics
80%
Ukraine 1199 – 1349 AD Galicia-Volynia
60%
Russia 1283 – 1547 AD Grand Duchy of Moscow
60%
Ukraine 1132 – 1471 AD Principality of Kiev
60%
Ukraine 690 – 250 BC Scythia
60%
Mongolia 700 – 1202 AD Tatar
60%
Russia 900 – 1220 AD Cumania
40%
2014 – 2022 AD Donetsk People's Republic
40%
Russia 1918 – 1920 AD Don Republic
40%
Russia 1240 – 1502 AD Golden Horde
40%
Russia 1190 – 1600 AD Great Perm
40%
Russia 1630 – 1771 AD Kalmyk Khanate
40%
Kazakhstan 1465 – 1847 AD Kazakh Khanate
40%
Russia 1438 – 1552 AD Khanate of Kazan
40%
Russia 618 – 1048 AD Khazar Khaganate
40%
2014 – 2022 AD Luhansk People's Republic
40%
Russia 1054 – 1508 AD Principality of Smolensk
40%
Russia 1157 – 1331 AD Vladimir-Suzdal
40%
Mongolia 209 BC – 100 AD Xiongnu
40%
Kazakhstan 1917 – 1920 AD Alash Autonomy
20%
Russia 1466 – 1556 AD Astrakhan Khanate
20%
Ukraine 480 BC – 370 AD Cimmerian Bosporus
20%
1649 – 1764 AD Cossack Hetmanate
20%
Ukraine 1449 – 1783 AD Crimean Khanate
20%
1920 – 1922 AD Far Eastern Republic
20%
1920 – 1922 AD Green Ukraine
20%
1917 – 1921 AD Grey Ukraine
20%
Russia 1468 – 1598 AD Khanate of Sibir
20%
Ukraine 882 – 1283 AD Kievan Rus'
20%
Kazakhstan 880 – 1035 AD Kimek-Kipchak Confederation
20%
Russia 1918 – 1920 AD Kuban People's Republic
20%
1918 – 1921 AD Makhnovshchina
20%
Kazakhstan 1440 – 1634 AD Nogai Horde
20%
Mongolia 1399 – 1634 AD Oirat Confederation
20%
1917 – 1924 AD Petrograd Soviet
20%
Ukraine 1124 – 1199 AD Principality of Galicia
20%
Russia 1129 – 1521 AD Principality of Ryazan
20%
Ukraine 1200 – 1475 AD Principality of Theodoro
20%
Ukraine 1157 – 1331 AD Principality of Volhynia
20%
Russia 1348 – 1510 AD Pskov Republic
20%
Russia 1452 – 1681 AD Qasim Khanate
20%
2014 AD Republic of Crimea
20%
Russia 1918 – 1920 AD Republic of Uhtua
20%
1721 – 1917 AD Russian Empire
20%
1917 – 1918 AD Russian Republic
20%
Russia 1547 – 1721 AD Tsardom of Russia
20%
1917 – 1920 AD Ukrainian People's Republic
20%
Mongolia 744 – 840 AD Uyghur Khaganate
20%
1918 – 1919 AD Armed Forces of South Russia
0%
Russia 600 – 700 AD Barsil
0%
1917 – 1919 AD Bashkiria
0%
Kazakhstan 1801 – 1849 AD Bukey Horde
0%
1939 AD Carpatho-Ukraine
0%
Russia 1300 – 626 BC Cimmeria
0%
Russia 1918 – 1922 AD Confederated Republic of Altai
0%
1917 – 1918 AD Crimean People's Republic
0%
1918 AD Donetsk-Krivoy Rog Soviet Republic
0%
Mongolia 603 – 645 AD Eastern Turkic Khaganate
0%
Mongolia 552 – 603 AD First Turkic Khaganate
0%
1919 AD Hutsul Republic
0%
1918 AD Idel-Ural State
0%
1665 – 1674 AD Jaxa
0%
Kazakhstan 659 – 750 AD Kangar Union
0%
Mongolia 1120 – 1206 AD Khamag Mongol
0%
1919 – 1922 AD Kholodny Yar Republic
0%
Kazakhstan 700 BC – 200 AD Massagetae
0%
Mongolia 1368 – 1635 AD Northern Yuan
0%
1919 – 1920 AD North Ingria
0%
Kazakhstan 766 – 1055 AD Oghuz Yabgu State
0%
Ukraine 632 – 668 AD Old Great Bulgaria
0%
Russia 1200 – 1400 AD Principality of Beloozero
0%
Ukraine 1024 – 1402 AD Principality of Chernihiv
0%
Russia 1338 – 1460 AD Principality of Dmitrov
0%
Russia 1200 – 1481 AD Principality of Galich
0%
Russia 1330 – 1487 AD Principality of Kholm
0%
Russia 1339 – 1485 AD Principality of Mikulin
0%
Russia 1341 – 1425 AD Principality of Nizhny Novgorod-Suzdal
0%
Ukraine 988 – 1323 AD Principality of Pereyaslavl
0%
Russia 1338 – 1460 AD Principality of Serpukhovsko-Borovsky
0%
Russia 1215 – 1451 AD Principality of Starodub
0%
Russia 1246 – 1485 AD Principality of Tver
0%
Russia 1400 – 1491 AD Principality of Vereya
0%
Russia 1217 – 1470 AD Principality of Yaroslavl
0%
1918 – 1920 AD Provisional Government of the Northern Region
0%
1918 AD Provisional Regional Government of the Urals
0%
Mongolia 330 – 555 AD Rouran Khaganate
0%
Mongolia 682 – 744 AD Second Turkic Khaganate
0%
1917 – 1920 AD State of Buryat-Mongolia
0%
1918 AD Supreme Administration of the Northern Region
0%
1924 – 1925 AD Tungus Republic
0%
1941 AD Ukrainian People's Republic
0%
1918 AD Ukrainian State
0%
Russia 660 – 1236 AD Volga Bulgaria
0%
Mongolia 93 – 234 AD Xianbei
0%
Mongolia 623 – 728 AD Xueyantuo
0%
Russia 693 – 1207 AD Yenisei Kyrgyz Khaganate
0%
Kazakhstan 160 – 490 AD Yueban
0%
1552 – 1775 AD Zaporozhian Sich
0%
No matching quizzes found
Score Distribution
Percent of People with Each Score
Percentile by Number Answered
Your Score History
You have not taken this quiz